|
|
|
|
| LEADER |
01387nam a22003854a 4500 |
| 001 |
EBC219738 |
| 003 |
MiAaPQ |
| 005 |
20200520144314.0 |
| 006 |
m o d | |
| 007 |
cr cn||||||||| |
| 008 |
030827s2004 njua sb 001 0 eng |
| 020 |
|
|
|z 0470851112 (cloth)
|
| 035 |
|
|
|a (MiAaPQ)EBC219738
|
| 035 |
|
|
|a (Au-PeEL)EBL219738
|
| 035 |
|
|
|a (CaPaEBR)ebr10113919
|
| 035 |
|
|
|a (CaONFJC)MIL26940
|
| 035 |
|
|
|a (OCoLC)54768488
|
| 040 |
|
|
|a MiAaPQ
|c MiAaPQ
|d MiAaPQ
|
| 050 |
|
4 |
|a HG4027.5
|b .W45 2004
|
| 082 |
0 |
4 |
|a 658.8/8
|2 22
|
| 100 |
1 |
|
|a Wells, Ron.
|
| 245 |
1 |
0 |
|a Global credit management
|h [electronic resource] :
|b an executive summary /
|c Ron Wells.
|
| 260 |
|
|
|a Hoboken, N.J. :
|b Wiley,
|c c2004.
|
| 300 |
|
|
|a x, 166 p. :
|b ill.
|
| 490 |
1 |
|
|a Wiley finance series
|
| 504 |
|
|
|a Includes bibliographical references (p. [161]) and index.
|
| 533 |
|
|
|a Electronic reproduction. Ann Arbor, MI : ProQuest, 2015. Available via World Wide Web. Access may be limited to ProQuest affiliated libraries.
|
| 650 |
|
0 |
|a International business enterprises
|x Finance.
|
| 650 |
|
0 |
|a Credit departments
|x Management.
|
| 650 |
|
0 |
|a Credit
|x Management.
|
| 650 |
|
0 |
|a Risk management.
|
| 655 |
|
4 |
|a Electronic books.
|
| 710 |
2 |
|
|a ProQuest (Firm)
|
| 830 |
|
0 |
|a Wiley finance series.
|
| 856 |
4 |
0 |
|u https://ebookcentral.proquest.com/lib/matrademy/detail.action?docID=219738
|z Click to View
|